ARRUPE JESUIT UNIVERSITY

CORONAVIRUS -STOP THE SPREAD - CLEAN,DISINFECT,COVER

Life-world and consciousness; (Record no. 122517)

MARC details
000 -LEADER
fixed length control field 01034cam a2200313 4500
001 - CONTROL NUMBER
control field 3603413
003 - CONTROL NUMBER IDENTIFIER
control field ARRUPE
005 - DATE AND TIME OF LATEST TRANSACTION
control field 20150520135118.0
008 - FIXED-LENGTH DATA ELEMENTS--GENERAL INFORMATION
fixed length control field 720414s1972 ilu b 001 0 eng
010 ## - LIBRARY OF CONGRESS CONTROL NUMBER
LC control number 71162930
020 ## - INTERNATIONAL STANDARD BOOK NUMBER
International Standard Book Number 0810103621
040 ## - CATALOGING SOURCE
Original cataloging agency DLC
Transcribing agency DLC
Modifying agency DLC
050 00 - LIBRARY OF CONGRESS CALL NUMBER
Classification number B829.5
Item number .L5
082 00 - DEWEY DECIMAL CLASSIFICATION NUMBER
Classification number 126
300 ## - PHYSICAL DESCRIPTION
Dimensions 24 cm.
100 ## - MAIN ENTRY--PERSONAL NAME
Personal name Gurwitsch, Aron.
9 (RLIN) 16650
245 00 - TITLE STATEMENT
Title Life-world and consciousness;
Remainder of title essays for Aron Gurwitsch.
Statement of responsibility, etc Edited by Lester E. Embree.
260 ## - PUBLICATION, DISTRIBUTION, ETC. (IMPRINT)
Place of publication, distribution, etc Evanston, Ill.,
Name of publisher, distributor, etc Northwestern University Press,
Date of publication, distribution, etc 1972.
300 ## - PHYSICAL DESCRIPTION
Extent xxx, 610 p.
440 #0 - SERIES STATEMENT/ADDED ENTRY--TITLE
Title Northwestern University studies in phenomenology & existential philosophy
9 (RLIN) 16645
504 ## - BIBLIOGRAPHY, ETC. NOTE
Bibliography, etc Bibliography: p. 591-595.
600 10 - SUBJECT ADDED ENTRY--PERSONAL NAME
Personal name Husserl, Edmund,
Dates associated with a name 1859-1938.
9 (RLIN) 717
650 #0 - SUBJECT ADDED ENTRY--TOPICAL TERM
Topical term or geographic name as entry element Consciousness.
9 (RLIN) 16646
650 #0 - SUBJECT ADDED ENTRY--TOPICAL TERM
Topical term or geographic name as entry element Phenomenology.
9 (RLIN) 16647
650 #0 - SUBJECT ADDED ENTRY--TOPICAL TERM
Topical term or geographic name as entry element Social sciences.
9 (RLIN) 16648
650 #0 - SUBJECT ADDED ENTRY--TOPICAL TERM
Topical term or geographic name as entry element Reality.
9 (RLIN) 16649
700 1# - ADDED ENTRY--PERSONAL NAME
Personal name Embree, Lester E.,
Relator term ed.
9 (RLIN) 16651
906 ## - LOCAL DATA ELEMENT F, LDF (RLIN)
a 7
b cbc
c orignew
d 2
e ncip
f 19
g y-gencatlg
942 ## - ADDED ENTRY ELEMENTS (KOHA)
Source of classification or shelving scheme Library of Congress Classification
Koha item type Monograph ( Printed materials)
Holdings
Withdrawn status Lost status Source of classification or shelving scheme Damaged status Not for loan Collection code Home library Current library Shelving location Date acquired Total Checkouts Full call number Barcode Date last seen Price effective from Koha item type
    Library of Congress Classification     Main Collection ARRUPE LIBRARY ARRUPE LIBRARY Main Collection 26/03/2015   B829.5 .L5 46500002621 26/03/2015 26/03/2015 Monograph ( Printed materials)

 

Arrupe Library. PO Box MP320 Mt Pleasant, Harare, Zimbabwe
263 242 745411|librarian@aju.ac.zw